000 00936nam a2200277Ia 4500
003 OSt
005 20220928132615.0
006 a|||||r|||| 00| 0
007 ta
008 220927b |||||||| |||| 00| 0 eng d
020 _c9669.9500000000007
024 _a113450
037 _b2571, 21/11/2011, The Book Seller
_cTextual
040 _aSDCL
_cSDCL
_beng
041 _2eng
_aeng
082 _aX:8T, Q2
100 _aNobre Farley Simon
_9482422
245 0 _aTechnological, managerial and organizational core competencies
_b Dynamic innovation and sustainable development.
260 _aHershey
_bBusiness Science Reference
_c2012
300 _axxxvii,693p.
_ccm.
650 _aPsychology
700 _a Harris Robert
_9482423
700 _a Walker David
_9482424
942 _hX:8T, Q2
_cTEXL
_2CC
999 _c795134
_d795134